| 000 | 00000nam##2200000za#4500 |
| 001 | 9.606826 |
| 003 | CaOODSP |
| 005 | 20210624212823 |
| 007 | cr ||||||||||| |
| 008 | 150406|2005||||xxc|||||o f|0| 0 fre|d |
| 040 | |aCaOODSP|bfre |
| 043 | |an-cn--- |
| 086 | 1 |aCW69-16/17-2005F-PDF |
| 110 | 2 |aService canadien de la faune. |
| 245 | 10|aPropositions de modification du Règlement sur les oiseaux migrateurs du Canada, décembre 2005 |h[ressource électronique] |
| 260 | |aOttawa - Ontario : |bEnvironnement Canada. |cDécembre 2005. |
| 300 | |a52p.|bcartes, tableaux |
| 490 | 1 |aRapport du SCF sur la réglementation concernant les oiseaux migrateurs |vN° 17 |
| 500 | |aLe n° de catalogue (CW69-16/17-2005F) et l'ISBN (0-662-42367-4) de l'édition imprimée ont été incorrectement copiés dans l'édition électronique. |
| 590 | |a14-08-Supp|b2014-04-10 |
| 691 | 07|aOiseau migrateur|2gcpds |
| 775 | 08|tProposals to amend the Canadian Migratory Birds Regulations, December 2005 / |w(CaOODSP)9.571455 |
| 830 | #0|aRapport du SCF sur la réglementation concernant les oiseaux migrateurs ;|vN° 17|w(CaOODSP)9.501537 |
| 856 | 40|ahttp://publications.gc.ca|qPDF|s1.03 Mo|uhttps://publications.gc.ca/collections/collection_2014/ec/CW69-16-17-2005-fra.pdf|yN° 17 |